000 00621nam a2200241Ia 4500
003 OSt
005 20220918230541.0
006 a|||||r|||| 00| 0
007 ta
008 220917b |||||||| |||| 00| 0 eng d
024 _a255,140
037 _cTextual
040 _aARTS
_cARTS
_beng
041 _2eng
_aeng
082 _aO111x, L8
100 _aP. Sundaresan
_9152796
245 0 _aWorld within a world
260 _aCalcutta
_bUnited Writers India
_c1978
300 _a30p.
_ccm.
650 _aENGLISH LITERATURE
942 _hO111x, L8
_cTEXL
_2CC
999 _c288308
_d288308